Shiminkaikan gaidobukku /

Hlavní autor: Laudát, František, 1960-
Korporativní autor: Obecní dům (Praha, Česko)
Další autoři: Hilmar, Ronald, Hilmar, Josef, Budka, Jan
Jazyk: Japonština
Vydáno: [Praha] : Inrema, 2008
Vydání: 1. shohan
Témata:
Fyzický popis: 63 s. : il. (převážně barev.), 1 plán ; 24 cm
Knihy
Uloženo v:
LEADER 02335nam a2200649 a 4500
001 nkc20081798674
003 CZ PrNK
005 20110531114512.0
007 ta
008 080402s2008 xr ae g f 000 0 jpn
015 |a cnb001798674 
020 |a 978-80-86339-42-9  |q (Obecní dům :  |q brož.) 
035 |a (OCoLC)724292321 
040 |a ABA001  |b cze 
041 1 |a jpn  |h cze 
043 |a e-xr---  |b e-xr-pg  |2 czenas 
072 7 |a 72  |x Architektura  |2 Konspekt  |9 21 
080 |a 725.835  |2 MRF 
080 |a 72:904  |2 MRF 
080 |a 72.012.8  |2 MRF 
080 |a 72/76.05  |2 MRF 
080 |a (437.311)  |2 MRF 
080 |a (036)  |2 MRF 
080 |a (084.12)  |2 MRF 
100 1 |a Laudát, František,  |d 1960-  |7 jo2002111954  |4 aut 
242 1 0 |a Průvodce Obecním domem  |y cze 
245 1 0 |a Shiminkaikan gaidobukku /  |c [tekisuto František Laudát ; shashin Ronald Hilmar, Josef Hilmar ; honyaku Jan Budka] 
250 |a 1. shohan 
260 |a [Praha] :  |b Inrema,  |c 2008 
300 |a 63 s. :  |b il. (převážně barev.), 1 plán ;  |c 24 cm 
500 |a Přeloženo z češtiny? 
500 |a 500 výt. 
550 |a Vydavatel: Obecní dům 
650 0 7 |a společenské domy  |7 ph138694  |z Česko  |2 czenas 
650 0 7 |a architektonické památky  |7 ph118585  |z Česko  |2 czenas 
650 0 7 |a interiéry  |7 ph121148  |z Česko  |2 czenas 
650 0 7 |a umělecká výzdoba  |7 ph136757  |z Česko  |2 czenas 
650 0 9 |a cultural houses  |z Czechia  |2 eczenas 
650 0 9 |a architectural monuments  |z Czechia  |2 eczenas 
650 0 9 |a interiors  |z Czechia  |2 eczenas 
650 0 9 |a artistic decoration  |z Czechia  |2 eczenas 
655 7 |a průvodce  |7 fd133154  |2 czenas 
655 7 |a fotografické publikace  |7 fd132276  |2 czenas 
655 9 |a guidebooks  |2 eczenas 
655 9 |a photographical works  |2 eczenas 
610 2 7 |a Obecní dům (Praha, Česko)  |7 kn20010710565  |2 czenas 
651 7 |a Praha (Česko)  |7 ge118011  |2 czenas 
651 9 |a Prague (Czechia)  |2 eczenas 
700 1 |a Hilmar, Ronald  |7 jx20090630008  |4 pht 
700 1 |a Hilmar, Josef  |7 jx20110222010  |4 pht 
700 1 |a Budka, Jan  |7 jx20081119022  |4 trl 
710 2 |a Obecní dům (Praha, Česko)  |7 kn20010710565 
910 2 |a BOA001  |b 2-1265.767 
990 |a BK 
995 |a 01 
991 |b 201105  |e n 
996 6 |b 2610465962  |c 2-1265.767  |l MZK  |r Sklad / do 1 hodiny  |n 0  |p p.v.  |w 001179822  |u 000010  |a 1  |e BOA001  |j MZK50  |s P